<?xml version="1.0" encoding="UTF-8"?><?xml-stylesheet type="text/xsl" href="static/style.xsl"?><OAI-PMH xmlns="http://www.openarchives.org/OAI/2.0/" xmlns:xsi="http://www.w3.org/2001/XMLSchema-instance" xsi:schemaLocation="http://www.openarchives.org/OAI/2.0/ http://www.openarchives.org/OAI/2.0/OAI-PMH.xsd"><responseDate>2026-04-17T02:50:04Z</responseDate><request verb="GetRecord" identifier="oai:www.recercat.cat:2117/397912" metadataPrefix="marc">https://recercat.cat/oai/request</request><GetRecord><record><header><identifier>oai:recercat.cat:2117/397912</identifier><datestamp>2025-07-23T03:44:37Z</datestamp><setSpec>com_2072_1033</setSpec><setSpec>col_2072_452951</setSpec></header><metadata><record xmlns="http://www.loc.gov/MARC21/slim" xmlns:dcterms="http://purl.org/dc/terms/" xmlns:xsi="http://www.w3.org/2001/XMLSchema-instance" xmlns:doc="http://www.lyncode.com/xoai" xsi:schemaLocation="http://www.loc.gov/MARC21/slim http://www.loc.gov/standards/marcxml/schema/MARC21slim.xsd">
   <leader>00925njm 22002777a 4500</leader>
   <datafield ind2=" " ind1=" " tag="042">
      <subfield code="a">dc</subfield>
   </datafield>
   <datafield ind2=" " ind1=" " tag="720">
      <subfield code="a">Diaz Mauricio, David</subfield>
      <subfield code="e">author</subfield>
   </datafield>
   <datafield ind2=" " ind1=" " tag="260">
      <subfield code="c">2023-10</subfield>
   </datafield>
   <datafield ind2=" " ind1=" " tag="520">
      <subfield code="a">El objetivo del proyecto es el desarrollo de una impresora de capacidad industrial a partir de componentes accesibles, la elaboración de un manual de montaje y su posterior configuración.&#xd;
El resultado del proyecto es muy satisfactorio, he llegado a la solución deseada, una impresora de capacidad industrial que cuenta con todo lo necesario para ofrecer una buena experiencia de usuario con unos resultados excelentes.&#xd;
El contenido de esta memoria no es estático, lo he dotado de herramientas, plataformas y blogs que seguirán actualizándose con el paso del tiempo y que seguirá siendo una base de inspiración o una forma de documentarse para aventurarse en un proyecto de estas características.</subfield>
   </datafield>
   <datafield ind2=" " ind1=" " tag="520">
      <subfield code="a">The objective of the project is the development of an industrial capacity printer from accessible components, the development of an assembly manual and its subsequent configuration.&#xd;
The result of the project is very satisfactory, I have reached the desired solution, an industrial capacity printer that has everything necessary to provide a good user experience with excellent results.&#xd;
The content of this report is not static, I have provided it with tools, platforms and blogs that will continue to be updated over time and will continue to be a basis of inspiration or a way to document to venture into a project of this nature.</subfield>
   </datafield>
   <datafield tag="653" ind2=" " ind1=" ">
      <subfield code="a">Àrees temàtiques de la UPC::Arquitectura::Disseny::Disseny industrial</subfield>
   </datafield>
   <datafield tag="653" ind2=" " ind1=" ">
      <subfield code="a">Printers (Data processing systems) -- Design</subfield>
   </datafield>
   <datafield tag="653" ind2=" " ind1=" ">
      <subfield code="a">Fabricació aditiva</subfield>
   </datafield>
   <datafield tag="653" ind2=" " ind1=" ">
      <subfield code="a">3D Printing</subfield>
   </datafield>
   <datafield tag="653" ind2=" " ind1=" ">
      <subfield code="a">Impressión 3D</subfield>
   </datafield>
   <datafield tag="653" ind2=" " ind1=" ">
      <subfield code="a">Impressores (Ordinadors) -- Disseny</subfield>
   </datafield>
   <datafield ind2="0" ind1="0" tag="245">
      <subfield code="a">Proyecto de diseño y construcción de una impresora de capacidad industrial</subfield>
   </datafield>
</record></metadata></record></GetRecord></OAI-PMH>